00301nam a2200109Ia 4500008004100000041000800041082002700049100001800076245005100094260003700145300000900182230411s9999 xx 000 0 und d aeng aOG/610.7367/JAC/B08462 aJacob Annamma aManual of Midwifery and Gynaecological Nursing bJaypee BrothersaNew Delhic2012 a539p